El estudio de las costumbres y tradiciones populares de Asturias y su integración en la investigación Antropológica y Etnografíca / (Record no. 180934)

MARC details
000 -LEADER
campo de control de longitud fija 00817nam a2200193 i 4500
001 - NÚMERO DE CONTROL
campo de control 180934
003 - IDENTIFICADOR DE NÚMERO DE CONTROL
campo de control ES-MaACL
005 - FECHA Y HORA DE LA ÚLTIMA TRANSACCIÓN
campo de control 20230906221224.0
008 - DATOS DE LONGITUD FIJA--INFORMACIÓN GENERAL
campo de control de longitud fija 120831s1977 sp |||| | spa d
080 ## - NÚMERO DE LA CLASIFICACIÓN DECIMAL UNIVERSAL
Número de la Clasificación Decimal Universal 39(460.12)
100 0# - ENTRADA PRINCIPAL--NOMBRE DE PERSONA
Nombre de persona Gómez-Tabanera, José Manuel,
Fechas asociadas al nombre 1926-2011
9 (RLIN) 58165
245 13 - MENCIÓN DEL TÍTULO
Título El estudio de las costumbres y tradiciones populares de Asturias y su integración en la investigación Antropológica y Etnografíca /
Mención de responsabilidad, etc. por José Manuel Gómez-Tabanera.
260 ## - PUBLICACIÓN, DISTRIBUCIÓN, ETC.
Lugar de publicación, distribución, etc. Zaragoza :
Nombre del editor, distribuidor, etc. Institución Fernando el Católico,
Fecha de publicación, distribución, etc. [1977?]
300 ## - DESCRIPCIÓN FÍSICA
Extensión P. 41-55 ;
Dimensiones 24 cm.
595 ## -
-- Separata de: Actas del III Congreso Nacional de Artes y Costumbres Populares.
650 #4 - PUNTO DE ACCESO ADICIONAL DE MATERIA--TÉRMINO DE MATERIA
Término de materia o nombre geográfico como elemento de entrada Antropología cultural y social-
Subdivisión geográfica Asturias (Comunidad Autónoma)
9 (RLIN) 151380
852 ## - LOCALIZACIÓN
Ubicación ES-MaACL
Número de control de estantería 2318-F-17
Holdings
Estatus retirado Estado de pérdida Estado de daño No para préstamo Colección Biblioteca de origen Biblioteca actual Ubicación en estantería Fecha de adquisición Fuente de adquisición Total de préstamos Signatura topográfica completa Código de barras Visto por última vez Precio de reemplazo Tipo de ítem Koha
        Colección de folletos Biblioteca del Ateneo de Madrid Biblioteca del Ateneo de Madrid Depósito folletos 31/08/2012     2318-F-17 1190131 23/02/2023 23/02/2023 Folleto